000 00606nam a22001937a 4500
003 OSt
005 20260410040003.0
008 260410b |||||||| |||| 00| 0 eng d
020 _a0-619-21724-3.
040 _aDWC-Main lib
_cOC
082 _aCirc. 005.13 B395j 2007
100 _aBecker, Byron W.
245 _aJava :
_blearning to program with robots
_cByron W. Becker
260 _aBoston :
_bThomson Course Technology,
_cc2007.
300 _axxiv, 831 pages :
_billustration ;
_cc2007.
504 _aIncludes index.
650 _a1. Java (Computer program language).
942 _2ddc
_cBK-CIRC
_kCirc.
_n0
999 _c9355
_d9355